LIBRARY & INFORMATION CENTRE, KCAET, TAVANUR

ONLINE PUBLIC ACCESS CATALOGUE (OPAC)

Fertigation studies using wick irrigation system (Record no. 15480)

MARC details
000 -LEADER
fixed length control field 00554nam a22001577a 4500
003 - CONTROL NUMBER IDENTIFIER
control field OSt
008 - FIXED-LENGTH DATA ELEMENTS--GENERAL INFORMATION
fixed length control field 180919b ||||| |||| 00| 0 eng d
082 ## - DEWEY DECIMAL CLASSIFICATION NUMBER
Classification number 631.75807
Item number BAD/FE
100 ## - MAIN ENTRY--AUTHOR NAME
Personal name Badush Salim
-- Dilsha Suresh
-- Harisankar O.P
245 ## - TITLE STATEMENT
Title Fertigation studies using wick irrigation system
260 ## - PUBLICATION, DISTRIBUTION, ETC. (IMPRINT)
Place of publication Thavanur
Name of publisher Department of land and water resources and conservation engineering
Year of publication 2018
300 ## - PHYSICAL DESCRIPTION
Number of Pages xii, 50
Accompanying material CD
700 ## - ADDED ENTRY--PERSONAL NAME
Personal name Abdul Hakkim
856 ## - ELECTRONIC LOCATION AND ACCESS
Uniform Resource Identifier <a href="https://drive.google.com/open?id=15vKHK4fyGPtitoO26-Wot2jV3JpsLb2x">https://drive.google.com/open?id=15vKHK4fyGPtitoO26-Wot2jV3JpsLb2x</a>
942 ## - ADDED ENTRY ELEMENTS (KOHA)
Koha item type Project Report
Holdings
Withdrawn status Lost status Damaged status Home library Current library Date acquired Full call number Accession Number Koha item type
      KAUAET KAUAET 25/07/2018 631.75807 BAD/FE P 406 Project Report
free website counter